Tylko sigmy zgadną te flagi 🗿 - Statystyki

Ogólne statystyki
  • Ten quiz został rozwiązany 78 razy
  • Średni wynik to 4 z 8
Statystyki odpowiedzi
Obrazkowy Odpowiedź % Poprawnych
Palau
93%
Belize
87%
Aruba
61%
Bermudy
52%
Hawaje
52%
Guernsey
48%
Brytyjskie terytorium Oceanu Indyjskiego
26%
Wyspa Bouveta
13%
Nie znaleziono quizów pasujących do podanych kryteriów
Rozkład punktacji
Procent ludzi z każdym wynikiem
Percentyl według liczby udzielonych odpowiedzi
Twoja historia wyników
Nie rozwiązałeś tego quizu